| 000 | 02201cam a22005294i 4500 | ||
|---|---|---|---|
| 003 | PE-LiUPU | ||
| 005 | 20250731173028.0 | ||
| 008 | 170628s2016 maua rb 001 0 eng d | ||
| 020 | _a9004315535 | ||
| 020 | _a9789004315532 | ||
| 035 | _a(Sirsi) a237837 | ||
| 040 |
_aPE-LiUPU _bspa _cPE-LiUPU _erda |
||
| 049 | _aPRUA | ||
| 082 | 0 | 4 |
_a251.009 _bP8 _222 |
| 245 | 0 | 0 |
_aPreaching after Easter _bmid-Pentecost, Ascension, and Pentecost in late antiquity _cedited by Richard W. Bishop, Johan Leemans, and Hajnalka Tamas, with the assistance of Liesbeth Van der Sypt. |
| 264 | 1 |
_aLeiden ; _aBoston : _bBrill, _c2016. |
|
| 300 |
_aXVIII, 483 páginas : _bilustraciones ; _c25 centimetros. |
||
| 336 |
_atext _2rdacontent |
||
| 337 |
_aunmediated _2rdamedia |
||
| 338 |
_avolume _2rdacarrier |
||
| 490 | 0 |
_aSupplements to Vigiliae Christianae : texts and studies of early Christian life and language _vv. 136 |
|
| 504 | _aBibliografía : páginas al final de cada capítulo. | ||
| 504 | _aÍndices: páginas 456-483. | ||
| 505 | 0 | _aTowards a festal history -- Mid-pentecost -- Ascensión -- Pentecost -- Liturgical theology: thee xample of leo the great -- Notes on three recently edited greek ascencion sermons. | |
| 526 | _aSEG42 | ||
| 526 | _aSEG41 | ||
| 526 | _aSEG40 | ||
| 526 | _aSEG39 | ||
| 526 | _aP94 | ||
| 526 | _aP87 | ||
| 526 | _aP86 | ||
| 526 | _aP85 | ||
| 526 | _aP77 | ||
| 526 | _aP76 | ||
| 526 | _aP35 | ||
| 650 | 0 | 4 | _aCristianismo primitivo. |
| 650 | 0 | 4 | _aTeología litúrgica. |
| 700 | 1 |
_aBishop, Richard W., _eeditor. |
|
| 700 | 1 |
_aLeemans, Johan _d1965- _eeditor. |
|
| 910 |
_ajck _bjvq _cjpc _d20170628 |
||
| 942 |
_2ddc _cBOOK |
||
| 949 |
_a251.009 P8 _wDEWEY _c1 _i76419 _lCATALOGING _mBUL _p134.00 _r0 _sY _tBOOK _u2017-06-28 _xTEOLOGÍA _zTEOLOGÍA _0COMPRA _o.CIRCNOTE. El documento es de alto precio. _o.STAFF. Colección Teología |
||
| 994 |
_aC0 _bPEPRU |
||
| 596 | _a1 | ||
| 999 |
_a251.009 P8 _wDEWEY _c24535 _i76419 _f2021-11-10 _g4 _lCCODEBUL1 _mBUL _p134.00 _r0 _sY _tBOOK _u2017-6-28 _xTEOLOGIA _PP35 _0DONACION _o.STAFF. Colección Teología _d24535 |
||
| 980 |
_81 _gALBERTO SANCHEZ Responsable de Automatización |
||